00523 a2200145 4500020002700000082001400027100001600041245012800057250001200185260004600197300003400243650004000277650003600317650002400353 a0080435939 (hardcover) a658.5 BRE aBrewer,A.M. aHandbook of logistics and supply-chain management [vol-2] /cedited by Ann M. Brewer, Kenneth J. Button, David A. Hensher. a1st ed. aAmsterdam ;aNew York :bPergamon,c2001. axxi, 545 p. :bill. ;c25 cm. aFreight and freightagexManagement. aPhysical distribution of goods. aBusiness logistics.